Cities, people and poverty: (Record no. 1743)

MARC details
000 -LEADER
fixed length control field 00470nam a2200169 4500
003 - CONTROL NUMBER IDENTIFIER
control field OSt
005 - DATE AND TIME OF LATEST TRANSACTION
control field 20150511184633.0
008 - FIXED-LENGTH DATA ELEMENTS--GENERAL INFORMATION
fixed length control field 150511b xxu||||| |||| 00| 0 eng d
040 ## - CATALOGING SOURCE
Transcribing agency 040a
082 ## - DEWEY DECIMAL CLASSIFICATION NUMBER
Classification number 338.9
Item number CIT 1991
245 ## - TITLE STATEMENT
Title Cities, people and poverty:
Remainder of title urban development cooperation for the 1990s /
260 ## - PUBLICATION, DISTRIBUTION, ETC. (IMPRINT)
Place of publication, distribution, etc. New York
Name of publisher, distributor, etc. UNDP
Date of publication, distribution, etc. 1991
300 ## - PHYSICAL DESCRIPTION
Extent vi, 94p ;
Other physical details ill :
Dimensions 8 cm.
504 ## - BIBLIOGRAPHY, ETC. NOTE
Bibliography, etc includes index
650 ## - SUBJECT ADDED ENTRY--TOPICAL TERM
Topical term or geographic name as entry element Urban development
9 (RLIN) 4594
942 ## - ADDED ENTRY ELEMENTS (KOHA)
Source of classification or shelving scheme Dewey Decimal Classification
Koha item type Short Loan
Holdings
Withdrawn status Lost status Source of classification or shelving scheme Damaged status Not for loan Home library Current library Date acquired Inventory number Total Checkouts Full call number Barcode Date last seen Price effective from Koha item type
    Dewey Decimal Classification     MUST Main Library MUST Main Library 11/05/2015 2003/18479   338.9 CIT 1991 2015-1391 11/05/2015 11/05/2015 Short Loan